000 01043nam a2200337 i 4500
001 bg
003 BPK
005 20220913134408.0
008 030326s2002 pl a f f |001 0 pol
015 _aPB 2003/6978
020 _a8372513104
040 _aWA N
_cBPK
041 0 _apol
080 _a657
080 _a658.14/.17
080 _a(07)
100 1 _aGmytrasiewicz, Maria
_d(1940- ).
245 1 0 _aRachunkowość finansowa /
_cMaria Gmytrasiewicz, Anna Karmańska.
260 _aWarszawa :
_b"Difin",
_c2004.
300 _a741 s. :
_bil. ;
_c24 cm.
490 1 _aVademecum Rachunkowości,
_x1234-1681.
504 _aIndeks.
650 4 _aRachunkowość
650 4 _aFinanse przedsiębiorstwa
_xfinanse.
655 4 _aPodręcznik
710 2 _aDifin
_4pbl.
700 1 _aKarmańska, Anna
_d(1957- )
_eAutor
830 0 _aVademecum Rachunkowości
942 _2UKD
_cKS
856 _uhttp://koha.tu.koszalin.pl/cgi-bin/koha/opac-detail.pl?biblionumber=45129
_yKatalog online BPK
999 _c45129
_d45129